000 00563nam a2200229Ia 4500
003 OSt
005 20230502101141.0
008 210423s2006 xx 000 0 und d
020 _a8126128496
040 _cAL
041 _aeng
082 _a338 SHAA
100 _aSHARMA (A K)
_983762
245 _aIndustrial economics
260 _aNew Delhi
_bAnmol Publications
_c2006
300 _aiv,420
_bPB
365 _b300
_cINR
650 _aEconomics
_983763
650 _aProduction Economics
_983764
906 _aeconomics ; Industrial
942 _2ddc
_cBK
999 _c158162
_d158162